|
|
|
|
| LEADER |
00914nam a22002417a 4500 |
| 001 |
28470 |
| 003 |
BD-DhAAL |
| 005 |
20141018140154.0 |
| 008 |
141018r19621969enk||||| |||| 00| 0 eng d |
| 020 |
|
|
|a 571038484
|
| 020 |
|
|
|a 571061842
|
| 040 |
|
|
|a BD-DhAAL
|c BD-DhAAL
|
| 082 |
|
|
|2 22
|a 822.914
|
| 100 |
|
|
|a Osborne, John
|9 5673
|
| 245 |
|
|
|a Look back in anger :
|b a play in three acts /
|c John Osborne
|
| 260 |
|
|
|a London :
|b Faber and Faber,
|c 1962 [Reprinted 1969]
|
| 300 |
|
|
|a 96 p. ;
|c 18 cm.
|
| 541 |
|
|
|e 28470
|
| 600 |
|
|
|a Osborne, John,
|d 1929-1994
|t Look back in anger.
|9 5674
|
| 852 |
|
|
|a Ayesha Abed Library
|c General Stacks
|
| 942 |
|
|
|2 ddc
|c BK
|
| 999 |
|
|
|c 32932
|d 32932
|
| 952 |
|
|
|0 0
|1 0
|2 ddc
|4 0
|6 822_914000000000000_OSB
|7 0
|9 43853
|a BRACUL
|b BRACUL
|c GEN
|d 2014-10-18
|e Friends Book Corner
|g 30.00
|l 15
|m 32
|o 822.914 OSB
|p 3010028470
|r 2026-05-17
|s 2025-10-09
|t 1
|w 2014-10-18
|y BK
|x Transferred from BIL to BRACUL on 06/06/22
|